| 000 | 00356nam a22001457a 4500 | ||
|---|---|---|---|
| 020 | _a9780071472241 | ||
| 040 | _cNUST | ||
| 082 |
_a658.5 _bLAN |
||
| 100 |
_aLangford, John _934764 |
||
| 245 | _aLogistics Principles and Applications | ||
| 250 | _a2nd Ed. | ||
| 260 |
_aNew York, _bMcGraw Hill, _c2007. |
||
| 300 |
_a578p , ; _c23 cm. |
||
| 942 |
_2ddc _cBK |
||
| 999 |
_c540631 _d540631 |
||